| 000 | 00538nam a2200181Ia 4500 | ||
|---|---|---|---|
| 003 | IN-BaIIA | ||
| 008 | 211028s9999 xx 000 0 eng d | ||
| 020 | _a978- 083112800-5 | ||
| 040 | _cIIA Library | ||
| 080 |
_a035:621 _bOBE |
||
| 100 |
_aOberg, Erik _99064 |
||
| 245 | 0 |
_aMachinery's handbook [With CD] _cErik Oberg |
|
| 250 | _a28th ed. | ||
| 260 |
_aNew York _bIndustrial Press _c2008 |
||
| 300 | _aix, 2692p. | ||
| 650 |
_aMechanical engineering -Handbook, manuals, etc. _932738 |
||
| 942 | _cBK | ||
| 999 |
_c17356 _d17356 |
||